000 00266nam a22001217a 4500
008 171025b xxu||||| |||| 00| 0 eng d
041 _aeng
080 _a336.2
100 _a55
101 _aTAK
245 _aTAXATION OF BUSINESS ENTITIES
_cSMITH
942 _2udc
_cBK
999 _c35831
_d35831